| 000 | 00457nam a2200181Ia 4500 | ||
|---|---|---|---|
| 001 | 17348 | ||
| 005 | 20260306171511.0 | ||
| 008 | 260306s9999||||xx |||||||||||||| ||und|| | ||
| 041 | _aESP | ||
| 082 |
_a657.72 _bV19 |
||
| 100 |
_aValdiviezo Rosado, José _eAUT |
||
| 245 | 0 | _aTratamiento contable de los inventarios según la NIC 2 | |
| 260 | _c2017 | ||
| 300 |
_a31 páginas : _c24 cm. |
||
| 650 | _aGEN | ||
| 654 | _aCCO | ||
| 942 |
_cLIB _dJUS _fJUS _2ddc _n |
||
| 999 |
_c17348 _d17348 |
||